| 000 | 00502nam a2200169 a 4500 | ||
|---|---|---|---|
| 999 |
_c11419 _d11419 |
||
| 020 | _a0521001854 (paperback) | ||
| 020 | _a9780521001854 (paperback) | ||
| 100 | 1 | _aHancock, Mark. | |
| 245 | 1 | 0 | _aEnglish Pronunciation in use: intermediate |
| 250 | _a10th Edition. | ||
| 260 |
_a[S.l.] : _bCambridge University Press, _c2009. |
||
| 300 | _a200 p. ; | ||
| 650 | _aEnglish language--Pronunciation | ||
| 650 | _aEnglish language | ||
| 856 | 4 | 0 | _uhttp://10.10.170.122:8080/browse/book/794 |
| 942 | _cBK | ||